000 00466nam a2200181Ia 4500
008 240925s9999 xx 000 0 und d
020 _aNA
082 _a620.5 NAQ
100 _aNaqvi, Nasreen
245 0 _aCarbon Nanotubes: a literature survey
250 _a1st
260 _aKarachi:
_bIdara Tazeen e Danish
_c,2015.
300 _a1145p.
_b0
_fOriginal
500 _aIncludes Index
600 _aElectrical Engineering
650 _aTechnology
942 _cBK
999 _c13332
_d13332